000 00761nam a2200229Ia 4500
003 GCL
008 140319s9999 xx 000 0 ara d
040 _aGCL /
_cGCL
082 0 4 _a621.314
_bع م
100 1 _aعبدالمنعم موسى
245 1 0 _aمحولات القوى والتوزيع /
_cعبدالمنعم موسى
260 _a[S.N] :
_bدار الراتب الجامعية ،
_c1994
300 _a248 ص
490 _aالاسس العلمية والخبرة العملية فى الهندسة
_v0
650 0 4 _aالبناء
650 0 4 _aالمحولات الالكترونية
650 0 4 _aالقوى الميكانيكية
650 0 4 _aالتصميم
650 0 4 _aالمحولات
650 0 4 _aالتوزيع
942 _2ddc
_cBK
999 _c33152
_d33152